| 000 | 00975nas a2200253Ia 4500 | ||
|---|---|---|---|
| 001 | R142/77668 | ||
| 003 | IT-RoPAU | ||
| 008 | 151124c99999999xx |||||||||||| ||und|| | ||
| 040 | _aIT-RoPAU | ||
| 040 | _cIT-RoPAU | ||
| 041 | _aFRANCESE | ||
| 100 |
_aRicheri Giuseppe _gCodice Aut. SPICS: 2060 |
||
| 210 | _aRESEAUX | ||
| 222 | _aReseaux | ||
| 245 |
_aRESEAUX, N.042 (LUGLIO/AGOSTO 1990) _bPublicite' Dechainee De L'Italie Des Annees 80 (La) |
||
| 250 | _a1a ed. | ||
| 260 |
_aPARIS _bCNET _c1990 |
||
| 501 |
_bPaulus - SPICS - SocietĂ San Paolo EM (non-commercial uses only) _cCopyright2015 |
||
| 300 | _a10 p. [63-72] | ||
| 362 | _aN.042 (LUGLIO/AGOSTO 1990) | ||
| 500 | _aPubblicitĂ Sfrenata Italiana degli Anni 80. Trasformazione della Distribuzione Commerciale: Dal Prodotto Alla Marca. Trasformazione dei Mass Media: Dall'Oggetto Politico a Quello Economico. Vendere la Televisione. | ||
| 650 |
_aCOMUNICAZIONE _vPUBBLICAZIONE PERIODICA |
||
| 942 | _cCR | ||
| 999 |
_c190901 _d190901 |
||